People, places and opinions
Gespeichert in:
| 1. Verfasser: | |
|---|---|
| Format: | Buch |
| Sprache: | Undetermined |
| Veröffentlicht: |
New York
American Book
1961
|
| Schlagworte: | |
| Tags: |
Tag hinzufügen
Keine Tags, Fügen Sie den ersten Tag hinzu!
|
| Thư viện lưu trữ: | Trung tâm Học liệu Trường Đại học Cần Thơ |
|---|
| LEADER | 00497nam a2200181Ia 4500 | ||
|---|---|---|---|
| 001 | CTU_398 | ||
| 008 | 210402s9999 xx 000 0 und d | ||
| 082 | |a 428 | ||
| 082 | |b S971 | ||
| 100 | |a Donna Swain | ||
| 245 | 0 | |a People, places and opinions | |
| 245 | 0 | |c Donna Swain, Matida Bailey | |
| 260 | |a New York | ||
| 260 | |b American Book | ||
| 260 | |c 1961 | ||
| 650 | |a english language - study and teaching | ||
| 904 | |i Minh, 960722 | ||
| 980 | |a Trung tâm Học liệu Trường Đại học Cần Thơ | ||